00267nam a22000977a 4500082001500000100002300015245006300038260005100101300000700152650001000159 a297.72 DAS aDas, sathia Rabbin aConvergence of jihad, Justice and Peace in Islam Tradition aKolkatabSenate of the Serampore Collegec2012 a68 aJihad